00322nam a2200121Ia 4500008004100000041000800041082001500049100001600064245004000080260004800120300000900168650002300177220803s9999 xx 000 0 und d aeng a891.46 ANA aAnand V Ed. aOsho : Geeta Darshan Adhyay Teesara aPunebJeevan Jagruti Kendra Prakashanc1974 a317p aMarathi Literature